000 00446nam a22001217a 4500
999 _c6697
_d6697
008 200324b ||||| |||| 00| 0 eng d
100 _aThe united republic of Tanzania
245 _a1988 population xcensus
_bPopulation census regional profile
_cThe united republic of Tanzania
_hEnglish
260 _aDar es salaam
_bPresident's Office -planning commission
_c1992
300 _a260p.
_bIllustration
_c28cm
650 _2Sensa 1988
942 _2ddc
_cBOOKS